书目信息 |
| 题名: |
中国城乡居民基本养老保险推进策略研究
|
|
| 作者: | 齐鹏, 著 | |
| 分册: | ||
| 出版信息: | 北京 中国社会科学出版社 2021.05 |
|
| 页数: | 241页 | |
| 开本: | 24cm | |
| 丛书名: | ||
| 单 册: | ||
| 中图分类: | F842.612 | |
| 科图分类: | ||
| 主题词: | 养老保险制度--yang lao bao xian zhi du--研究--中国 | |
| 电子资源: | ||
| ISBN: | 978-7-5203-8004-1 | |
| 000 | 01382nam0 2200265 450 | |
| 001 | 202021192619 | |
| 005 | 20211025120136.0 | |
| 010 | @a978-7-5203-8004-1@dCNY89.00 | |
| 100 | @a20210925d2021 em y0chiy50 ea | |
| 101 | 0 | @achi |
| 102 | @aCN@b110000 | |
| 105 | @aa a 000yy | |
| 106 | @ar | |
| 200 | 1 | @a中国城乡居民基本养老保险推进策略研究@Azhong guo cheng xiang ju min ji ben yang lao bao xian tui jin ce lue yan jiu@f齐鹏著 |
| 210 | @a北京@c中国社会科学出版社@d2021.05 | |
| 215 | @a241页@c图@d24cm | |
| 300 | @a山东社会科学院出版资助项目 2021年度山东社会科学院博士基金资助项目 山东省社会科学基金项目“农村幸福院运行机制与优化路径研究” | |
| 314 | @a齐鹏, 山东社会科学院人口学研究所助理研究员, 山东大学管理学博士。 | |
| 320 | @a有书目 (第219-236页) | |
| 330 | @a本文在梳理和分析城乡居民养老保险发展历程与现状的基础上, 把当前城乡居民养老保险存在的问题分解为五方面, 即基金支付能力问题、基金监管能力问题、待遇给付公平问题、经办服务能力问题、政策认同提高问题, 分别对每方面问题进行了分析和研究。而后又选择在这些方面或某个方面占优势或与中国经济社会实际接近的四个典型国家进行了经验研究。最后, 提出了城乡居民养老保险推进策略。这是对城乡居民养老保险研究的补充和发展。 | |
| 606 | 0 | @a养老保险制度@Ayang lao bao xian zhi du@x研究@y中国 |
| 690 | @aF842.612@v5 | |
| 701 | 0 | @a齐鹏,@Aqi peng@f1974-@4著 |
| 801 | 0 | @aCN@c20210909 |
| 905 | @a河南城建学院图书馆@dF842.612@eQ052 | |
| 中国城乡居民基本养老保险推进策略研究/齐鹏著.-北京:中国社会科学出版社,2021.05 |
| 241页:图;24cm |
| 山东社会科学院出版资助项目 2021年度山东社会科学院博士基金资助项目 山东省社会科学基金项目“农村幸福院运行机制与优化路径研究” |
| ISBN 978-7-5203-8004-1:CNY89.00 |
| 本文在梳理和分析城乡居民养老保险发展历程与现状的基础上, 把当前城乡居民养老保险存在的问题分解为五方面, 即基金支付能力问题、基金监管能力问题、待遇给付公平问题、经办服务能力问题、政策认同提高问题, 分别对每方面问题进行了分析和研究。而后又选择在这些方面或某个方面占优势或与中国经济社会实际接近的四个典型国家进行了经验研究。最后, 提出了城乡居民养老保险推进策略。这是对城乡居民养老保险研究的补充和发展。 |
| ● |
| 相关链接 |
|
|
|
正题名:中国城乡居民基本养老保险推进策略研究
索取号:F842.612/Q052
 
预约/预借
| 序号 | 登录号 | 条形码 | 馆藏地/架位号 | 状态 | 备注 |
| 1 | 1541832 | 215418322 | 社科库409/409社科库 55排4列2层/ [索取号:F842.612/Q052] | 在馆 | |
| 2 | 1541833 | 215418331 | 社科库409/409社科库 55排4列2层/ [索取号:F842.612/Q052] | 在馆 |